00285nam a2200109Ia 4500008004100000020002200041041000800063100002000071245004200091260003400133300000800167240521s2001 xx 000 0 und d a978-0-470-49709-8 aeng aSMITH DAVID LEE aENVIRONMENTAL ISSUES FOR ARCHITECTURE bJOHN WILEY AND SONS LTDc2001 a595